Espais obrats : Jordi Colomer, Francesc Abad, Antoni Llena, Rogelio López Cuenca, Perejaume, Pep Duran, Carlos Pazos Jordi Colomer, Francesc Abad, Antoni Llena, Rogelio López Cuenca, Perejaume, Pep Duran, Carlos Pazos
ISBN:
84-7794-936-0
Publicado:
Barcelona :
Diputació de Barcelona. Xarxa de Municipis : MACBA Museu d'Art Contemporani de Barcelona ,
2003
Descripción Física:
255 p. : il. col. ; 23 cm
Materias:
Art modern -- Catalunya -- Exposicions
MARC
| LEADER | 00000nam a2200000Ia 4500 | ||
|---|---|---|---|
| 001 | 16222 | ||
| 008 | 160829s2003 xx 000 0 cat d | ||
| 020 | |a 84-7794-936-0 | ||
| 080 | |a B-2-57 | ||
| 245 | |a Espais obrats : |b Jordi Colomer, Francesc Abad, Antoni Llena, Rogelio López Cuenca, Perejaume, Pep Duran, Carlos Pazos | ||
| 260 | |a Barcelona : |b Diputació de Barcelona. Xarxa de Municipis : |b MACBA Museu d'Art Contemporani de Barcelona, |c 2003 | ||
| 300 | |a 255 p. : |b il. col. ; |c 23 cm | ||
| 590 | |a Text en català, castellà i anglès. | ||
| 650 | |a Art modern |x Catalunya |x Exposicions |9 36594 | ||
| 901 | |a Arxiu | ||
| 942 | |n 1 | ||
| 952 | |0 0 |1 0 |4 0 |6 B257 |7 1 |9 47375 |a Arxiu |b Arxiu |d 2016-12-01 |l 0 |o B-2-57 |p 16222 |r 2016-12-01 00:00:00 |w 2016-12-01 |y ARXIU | ||
| 999 | |c 51173 |d 51173 | ||